Bytový dom
Gespeichert in:
| 1. Verfasser: | |
|---|---|
| Weitere Verfasser: | |
| Format: | Manuskript Buch |
| Sprache: | Slowakisch |
| Veröffentlicht: |
2015
|
| Schlagworte: | |
| Online-Zugang: | http://is.stuba.sk/zp/portal_zp.pl?podrobnosti=98724 https://opac.crzp.sk/?fn=detailBiblioForm&sid=A1BE4CBC10A6410E2FD5708DE444 |
| Tags: |
Keine Tags, Fügen Sie das erste Tag hinzu!
|
MARC
| LEADER | 00000ntm a22000003a 4500 | ||
|---|---|---|---|
| 001 | stuzp52556 | ||
| 003 | SK-STU | ||
| 005 | 20230721110645.8 | ||
| 007 | ta | ||
| 008 | 150427s2015----xo-----f-mn---000-0-slo-d | ||
| 040 | |a STU |b slo | ||
| 041 | 0 | |a slo | |
| 100 | 1 | |a Bačík, Martin |u 010270 |4 aut |U SvF Stavebná fakulta |T SvF Katedra technológie stavieb |X 54769 |U V270 |Y 28 |7 54769 | |
| 242 | 0 | 1 | |a House of flats |y eng |
| 245 | 1 | 0 | |a Bytový dom |
| 260 | |c 2015 | ||
| 650 | 4 | |a Krov |2 slo | |
| 650 | 4 | |a Drevený |2 slo | |
| 650 | 4 | |a Strecha |2 slo | |
| 650 | 4 | |a Wooden |2 eng | |
| 650 | 4 | |a Truss |2 eng | |
| 650 | 4 | |a Roof |2 eng | |
| 700 | 1 | |a Piatka, Jaroslav |4 ths |X 12146 |7 A000012146 | |
| 856 | 4 | |u http://is.stuba.sk/zp/portal_zp.pl?podrobnosti=98724 | |
| 856 | 4 | |u https://opac.crzp.sk/?fn=detailBiblioForm&sid=A1BE4CBC10A6410E2FD5708DE444 | |
| SQL | |a stuzp52556 |b DBP |c SLO |d Bytový dom |e 54769 |f Bačík, Martin |g 010270 |h 12146 |i Piatka, Jaroslav |j 20150622 |k 6 |l 01 |m http://is.stuba.sk/zp/portal_zp.pl?podrobnosti=98724 |n B-TMS |o 5.2.8. stavebníctvo | ||